00401 2200157 4500001002100000005001500021008004100036020002200077035001900099082001000118090001600128100001900144245002100163260004500184650001400229INLIS00000000001002020241224113928241224||||||||| | ||| |||| ||  a978-602-02-0823-7 0010-12240100200 a771.3 a771.3 WAH a0 aWahyu Dharsito00aAdvance Snapshot aJakartabPT. Elex Media Komputindoc2012 0aFotografi